Normal view
MARC view
Entry Personal Name
001 - CONTROL NUMBER
- control field: 55123
003 - CONTROL NUMBER IDENTIFIER
- control field: OSt
005 - DATE AND TIME OF LATEST TRANSACTION
- control field: 20241101094611.0
008 - FIXED-LENGTH DATA ELEMENTS
- fixed length control field: 241101|| aca||aabn | a|a d
040 ## - CATALOGING SOURCE
- Original cataloging agency: OSt
- Transcribing agency: OSt
100 ## - HEADING--PERSONAL NAME
- Personal name: ကြည်ကြည်ဝိန်
670 ## - SOURCE DATA FOUND
- Source citation: Work cat.: (OSt)16686: ဂိုအင်ကာ၊ ဦး၊ ဆရာကြီး 17310, ဆယ်ရက်တရားပတ်ဓမ္မဒေသနာ /, ခုနှစ်မပါ။